000 00933nam a22003137a 4500
003 CHAP
005 20220329134107.0
008 971013s1975 es a r 00010 spa d
010 _a15266
011 _a16238
035 _a20317
040 _cCHAP
082 0 4 _a574
_bG8Y
100 0 0 _aGrenville, H. W.
_950637
245 1 _aBiología del individuo
260 _aMadrid :
_bAlhambra,
_c1975
300 _a432 p.
_b: ilus
490 _aExedra
_v; 101
590 _aBATCH-UPD
_b10
_c20130110
_lUCH01
_h1805
590 _aBATCH-UPD
_b10
_c20130410
_lUCH01
_h1140
590 _aBATCH-UPD
_b10
_c20130914
_lUCH01
_h0632
590 _aCONVERSION
_b10
_c20130109
_lUCH01
_h1310
650 1 4 _aBiología.
_912773
830 0 _aExedra
_v; 101
_939042
901 _aBK
942 _cLIBRO
949 _a574 G8Y
_bBC
_cLIBRO
_d33724000804761
_eLIBRO
_fc.2
_h65840
_i20317
_si
_t314.00
949 _a574 G8Y
_bBC
_cMUT
_d-47363
_eMUT
_h44892
_i20317
_si
_t314.00
999 _c15266
_d15266